[Event "Robert Silk International"]
[Site "London, Bishopsgate"]
[Date "1978.07.26"]
[Round "9"]
[White "Durao, Joaquim Manuel"]
[Black "Littlewood, Paul E"]
[Result "1-0"]
[WhiteElo "2315"]
[BlackElo "2345"]
[PlyCount "57"]
[EventDate "1978.07.16"]
[EventType "tourn"]
[EventRounds "9"]
[EventCountry "ENG"]
[SourceTitle "BritBase"]
[Source "John Saunders"]
[SourceDate "2024.10.24"]
[SourceVersion "1"]
[SourceVersionDate "2024.10.24"]
[SourceQuality "1"]

1. e4 c5 2. Nf3 Nc6 3. d4 cxd4 4. Nxd4 Nf6 5. Nc3 d6 6. f4 g6 7. Be3 Bg7 8. Be2 O-O 9. Nb3 a5 10. a4 Be6 11. O-O Qc8 12. Qe1 Nb4 13. Nd4 Bc4 14. f5 Bxe2 15. Qxe2 Nc6 16. Ndb5 Nb4 17. Rad1 Qc6 18. Bd4 Rfe8 19. Kh1 Rad8 20. Rf2 Nd7 21. Nd5 Bxd4 22. Nxb4 axb4 23. Rxd4 b3 24. cxb3 Ne5 25. Rd1 d5 26. exd5 Qc5 27. b4 Qb6 28. a5 Qa6 29. Nc7 {Source: Andy Ansel, 24 October 2024} 1-0

[Event "Robert Silk International"]
[Site "London, Bishopsgate"]
[Date "1978.07.26"]
[Round "9"]
[White "Goodman, David SC"]
[Black "Hodgson, Julian M"]
[Result "1-0"]
[WhiteElo "2320"]
[BlackElo "2265"]
[PlyCount "101"]
[EventDate "1978.07.16"]
[EventType "tourn"]
[EventRounds "9"]
[EventCountry "ENG"]
[SourceTitle "BritBase"]
[Source "John Saunders"]
[SourceDate "2024.10.24"]
[SourceVersion "1"]
[SourceVersionDate "2024.10.24"]
[SourceQuality "1"]

1. d4 d6 2. c4 e5 3. Nf3 e4 4. Ng5 f5 5. Nc3 c6 6. f4 Be7 7. Nh3 Nf6 8. e3 Ng4 9. Be2 h5 10. b4 Bh4+ 11. g3 Bf6 12. Nf2 Be6 13. Qc2 Nd7 14. h4 Nxf2 15. Kxf2 Nb6 16. Na4 g6 17. Nxb6 axb6 18. Bb2 d5 19. c5 Kf7 20. a4 bxc5 21. dxc5 d4 22. Bxd4 Bxd4 23. Rad1 Bxe3+ 24. Kxe3 Qe7 25. Rd6 Rhd8 26. Rhd1 Bd5 27. Rxd8 Rxd8 28. Rd4 Qf6 29. Qd2 Ke8 30. b5 Bb3 31. a5 Rxd4 32. Qxd4 Qxd4+ 33. Kxd4 Kd7 34. b6 Kd8 35. a6 bxa6 36. Bxa6 Kd7 37. Be2 Kc8 38. Ke5 Bc2 39. Kf6 Bd3 40. Bd1 Bf1 41. Kxg6 Bh3 42. Bxh5 Bg4 43. Bxg4 fxg4 44. h5 e3 45. h6 e2 46. h7 e1=Q 47. h8=Q+ Kb7 48. Qg7+ Ka6 49. f5 Qxg3 50. Qa7+ Kb5 51. b7 {Source: Andy Ansel, 24 October 2024} 1-0

[Event "Robert Silk International"]
[Site "London, Bishopsgate"]
[Date "1978.07.26"]
[Round "9"]
[White "Kraidman, Yair"]
[Black "Speelman, Jonathan S"]
[Result "1/2-1/2"]
[WhiteElo "2455"]
[BlackElo "2410"]
[PlyCount "37"]
[EventDate "1978.07.16"]
[EventType "tourn"]
[EventRounds "9"]
[EventCountry "ENG"]
[SourceTitle "BritBase"]
[Source "John Saunders"]
[SourceDate "2024.10.24"]
[SourceVersion "1"]
[SourceVersionDate "2024.10.24"]
[SourceQuality "1"]

1. d4 Nf6 2. c4 e6 3. Nf3 b6 4. g3 Ba6 5. Qc2 c5 6. Bg2 Nc6 7. dxc5 bxc5 8. O-O Be7 9. b3 O-O 10. Nc3 d5 11. cxd5 exd5 12. Rd1 d4 13. Ba3 Re8 14. Na4 Nd5 15. Qd2 Ncb4 16. Rac1 Rc8 17. Bf1 Bf8 18. Ne1 Bb5 19. Bxb4 {Source: Andy Ansel, 24 October 2024} 1/2-1/2

[Event "Robert Silk International"]
[Site "London, Bishopsgate"]
[Date "1978.07.26"]
[Round "9"]
[White "Silva, Fernando"]
[Black "Plaskett, H James"]
[Result "0-1"]
[WhiteElo "2350"]
[BlackElo "2410"]
[PlyCount "92"]
[EventDate "1978.07.16"]
[EventType "tourn"]
[EventRounds "9"]
[EventCountry "ENG"]
[SourceTitle "BritBase"]
[Source "John Saunders"]
[SourceDate "2024.10.24"]
[SourceVersion "1"]
[SourceVersionDate "2024.10.24"]
[SourceQuality "1"]

1. e4 c5 2. Nf3 e6 3. d4 cxd4 4. Nxd4 Nc6 5. Nc3 Qc7 6. Be2 a6 7. O-O Nf6 8. Kh1 Bb4 9. Bg5 Bxc3 10. Bxf6 gxf6 11. bxc3 b5 12. f4 Bb7 13. Nb3 Ke7 14. a4 bxa4 15. Rxa4 d6 16. Qe1 Rhg8 17. Qh4 Rg7 18. Bf3 Rag8 19. Rc4 Qb6 20. Nd2 Qe3 21. e5 Rxg2 22. Bxg2 Rxg2 23. Rb1 Rg1+ 24. Rxg1 Nxe5+ 25. Re4 Ng6 26. Qe1 Bxe4+ 27. Nxe4 Qf3+ 28. Rg2 Nxf4 29. Qf2 Qxg2+ 30. Qxg2 Nxg2 31. Kxg2 a5 32. Nd2 a4 33. Nc4 e5 34. Kf3 Ke6 35. Ke3 f5 36. Kf3 f4 37. h3 f5 38. Kf2 e4 39. Ke2 f3+ 40. Ke3 h6 41. Kf2 f4 42. Kf1 e3 43. Ke1 f2+ 44. Ke2 d5 45. Na3 f3+ 46. Kf1 Ke5 {Source: Andy Ansel, 24 October 2024} 0-1

[Event "Robert Silk International"]
[Site "London, Bishopsgate"]
[Date "1978.07.26"]
[Round "9"]
[White "Wade, Robert Graham"]
[Black "Botterill, George Steven"]
[Result "1/2-1/2"]
[WhiteElo "2335"]
[BlackElo "2400"]
[PlyCount "35"]
[EventDate "1978.07.16"]
[EventType "tourn"]
[EventRounds "9"]
[EventCountry "ENG"]
[SourceTitle "BritBase"]
[Source "John Saunders"]
[SourceDate "2024.10.24"]
[SourceVersion "1"]
[SourceVersionDate "2024.10.24"]
[SourceQuality "1"]

1. e4 c6 2. d4 d5 3. exd5 cxd5 4. Bd3 Nc6 5. c3 g6 6. Bf4 Bg7 7. Nf3 Bf5 8. Bxf5 gxf5 9. Nbd2 e6 10. Qe2 Nge7 11. Bg5 Qc7 12. Bxe7 Qxe7 13. O-O O-O 14. Rfe1 Rfd8 15. Nf1 Qf6 16. Rad1 Kh8 17. Rd3 Rg8 18. Ne5 {Source: Andy Ansel, 24 October 2024} 1/2-1/2